Dinosaur A-Z : (Record no. 7277)
[ view plain ]
| 000 -LEADER | |
|---|---|
| fixed length control field | 01119nam a22002897a 4500 |
| 001 - CONTROL NUMBER | |
| control field | 7277 |
| 003 - CONTROL NUMBER IDENTIFIER | |
| control field | FISKH |
| 005 - DATE AND TIME OF LATEST TRANSACTION | |
| control field | 20250708084000.0 |
| 008 - FIXED-LENGTH DATA ELEMENTS--GENERAL INFORMATION | |
| fixed length control field | 250708b cb ||||| |||| 00| 0 eng d |
| 020 ## - INTERNATIONAL STANDARD BOOK NUMBER | |
| International Standard Book Number | 9780545365932 |
| 040 ## - CATALOGING SOURCE | |
| Original cataloging agency | FISKH |
| Language of cataloging | eng |
| Transcribing agency | FISKH |
| Modifying agency | FISKH567.9 LCC QE861 .M85 |
| 050 ## - LIBRARY OF CONGRESS CALL NUMBER | |
| Classification number | QE861 .M85 |
| 082 ## - DEWEY DECIMAL CLASSIFICATION NUMBER | |
| Classification number | 567.9 |
| 100 ## - MAIN ENTRY--PERSONAL NAME | |
| Personal name | Mugford, Simon |
| 245 ## - TITLE STATEMENT | |
| Title | Dinosaur A-Z : |
| Remainder of title | For kids who really love dinosaurs! / |
| Statement of responsibility, etc. | Written by Simon Mugford ; Designed by Jo Rigg |
| 250 ## - EDITION STATEMENT | |
| Edition statement | First Scholastic printing, May 2011 |
| 260 ## - PUBLICATION, DISTRIBUTION, ETC. | |
| Place of publication, distribution, etc. | New York : |
| Name of publisher, distributor, etc. | Scholastic, |
| Date of publication, distribution, etc. | 2004 |
| 300 ## - PHYSICAL DESCRIPTION | |
| Extent | 32 unnumbered pages : |
| Other physical details | color illustrations ; |
| Dimensions | 22 x 26 cm |
| 505 ## - FORMATTED CONTENTS NOTE | |
| Formatted contents note | K<br/> |
| 520 ## - SUMMARY, ETC. | |
| Summary, etc. | "Come face-to-face with 26 incredible dinosaurs, from Allosaurus to Zephyrosaurus, in this fantastic ABC book. Find out what they eat, how big they are, and everything you want to know about spikes, claws and razor-sharp teeth". |
| 521 8# - TARGET AUDIENCE NOTE | |
| Target audience note | 510<br/> |
| Source | Lexile Adjusted<br/> |
| 521 8# - TARGET AUDIENCE NOTE | |
| Target audience note | K<br/> |
| Source | Raz-Plus<br/> |
| 650 ## - SUBJECT ADDED ENTRY--TOPICAL TERM | |
| Topical term or geographic name entry element | Dinosaurs |
| Form subdivision | Aphabet Book |
| General subdivision | Paleontology |
| 700 ## - ADDED ENTRY--PERSONAL NAME | |
| Personal name | Rigg, Jo |
| Relator term | illustrator |
| 942 ## - ADDED ENTRY ELEMENTS (KOHA) | |
| Source of classification or shelving scheme | Dewey Decimal Classification |
| Koha item type | Books |
| Suppress in OPAC | No |
| Withdrawn status | Lost status | Source of classification or shelving scheme | Damaged status | Not for loan | Collection | Home library | Current library | Shelving location | Date acquired | Total Checkouts | Full call number | Barcode | Date last seen | Date last checked out | Copy number | Price effective from | Koha item type |
|---|---|---|---|---|---|---|---|---|---|---|---|---|---|---|---|---|---|
| Dewey Decimal Classification | Non-Fiction | Footprints International School Library Network Toul Kork Campus | Footprints International School Library Network Toul Kork Campus | TK Primary Library Room(4th Floor), Bookcase 3&4, Shelves 17-32, Yellow Books | 07/08/2025 | 1 | MUG 567.9 QE861 .M85 | FISTK02030 | 03/24/2026 | 03/04/2026 | 1 | 07/08/2025 | Books |
